Allgemeinwissen nach Buchstabe - F - Statistiken

Allgemein
  • Dieses Quiz wurde 167 mal gespielt
  • Das Durchschnittsergebnis liegt bei 13 aus 15
Antwortstatistiken
Hint Antwort % Korrekt
Redewendung: Hochmut kommt vor dem ... Fall
98%
Staat mit Hauptstadt Helsinki Finnland
98%
Häufigste Baumart in Deutschland Fichte
97%
Bekannteste Tragödie von Goethe Faust
95%
Prozess, bei dem Pflanzen Lichtenergie nutzen um chemisches Energie herzustellen Fotosynthese
95%
Automobilhersteller mit springendem Pferd im Logo Ferrari
92%
Deutscher Titel der Filmreihe um Kapitän Jack Sparrow Fluch der Karibik
92%
Stadt in Italien, gilt als Wiege der Renaissance Florenz
90%
Name des ehemaligen Papstes (2013-2025) Franziskus
90%
Inselstaat nördlich von Neuseeland Fidschi
89%
ehemaliger Schweizer Tennisspieler und Wimbledon-Rekordhalter (Nachname) Roger Federer
84%
Gilt als Begründer der Psychoanalyse (Nachname) Sigmund Freud
77%
Zahl oder Term, mit dem etwas multipliziert wird Faktor
67%
Politische Ordnung, bei der staatliche Aufgaben zwischen Bund und Ländern aufgeteilt sind Föderalismus
44%
Mittelalterliches System bestehend aus Landherren und Lehnsmänner Feudalismus
41%
Keine übereinstimmenden Quizze gefunden
Verteilung der Resultate
Anzahl Personen mit jedem Resultat
Perzentil nach korrekt beantworteten Fragen
Ihre Resultats-Entwicklung
Sie haben dieses Quiz noch nicht gespielt